| 000 | 00766 a2200229 4500 | ||
|---|---|---|---|
| 003 | OSt | ||
| 005 | 20180116192355.0 | ||
| 008 | 120612t xxu||||| |||| 00| 0 eng d | ||
| 020 | _a9781845208073 (hbk.) | ||
| 020 | _a1845208072 (hbk.) | ||
| 040 | _c0 | ||
| 082 | _a677 | ||
| 100 |
_aQuinn, Bradley. _94392 |
||
| 245 | 1 | 0 |
_aTextile futures : _bfashion, design and technology / _cBradley Quinn. |
| 260 |
_aOxford : _bBerg, _c2010. |
||
| 300 |
_avii, 307 p., [32] p. of plates : _bill. (some col.) ; _c25 cm. |
||
| 500 | _aIncludes bibliographical references and index. | ||
| 650 | 1 | 0 |
_aTextile fabrics. _94393 |
| 650 | 1 | 0 |
_aTextile industry _94394 |
| 942 |
_aSADA _cBK _k677 QUI 2010 _2ddc |
||
| 999 |
_c353075 _d353075 |
||